000 01035 a2200205 4500
001 30682
005 20260407155616.0
008 260407a1975 arg spa d
003 AR-UNSa-BCEJYS
040 _aAR-UNSa-BCEJYS
_bspa
_cAR-UNSa-BCEJYS
080 _a657.6
_xAuditoria (control interno)
245 1 0 _aAuditoría
_pIntroducción a la práctica de la contaduria pública
264 1 _aMéxico :
_bDiana
_c1975
300 _a629 p.
_c24 cm.
505 _a1. El significado de auditoría - 2. La mecánica de la auditoría - 3. Planeación de la auditoría - 4. La revisión de procedimientos - 5. Operaciones - 6. Disponibilidades - 7. Cuentas por cobrar - 8. Inventarios - 9. Inversiones, cargos diferidos, intangibles - 10. Activo fijo - 11. Depreciación - 12. Pasivo - 13. Capital pagado,superávit - 14. La auditoría detallada - 15. Terminación de la auditoría ,estados financieros - 16. Informes.
942 _cBK
590 _aniveau_biblio:m niveau_hierar:0
100 1 _aKohler, Eric L.
700 1 _aBalarezo, Jorge
999 _c2109
_d2109